000 02236cam a2200457 i 4500
001 sky311551277
003 SKY
005 20251022170946.0
007 ta
008 241101s2025 nyua b 000 0 eng d
020 _a9781250349941
_qhardcover
020 _a125034994X
040 _aYDX
_beng
_erda
_cYDX
_dOCLCO
_dBDX
_dOCLCQ
_dIG#
_dTOH
_dOCLCO
_dRNL
_dOCLCO
_dHEV
_dSKYRV
050 _aPZ
082 0 4 _a[E]
_223/eng/20251009
092 _achildren holiday
_bMoore
100 1 _aMoore, Clement Clarke,
_d1779-1863,
_eauthor.
245 1 4 _aThe night before Christmas /
_cwritten by Clement C. Moore ; illustrated by Hayden Goodman.
250 _aFirst edition.
264 1 _aNew York :
_bHenry Holt and Company,
_c2025.
300 _a1 volume (unpaged) :
_bcolor illustrations ;
_c24 cm.
336 _atext
336 _astill image
337 _aunmediated
338 _avolume
520 _a"On Christmas Eve, a little girl is woken by the clatter of Santa's reindeer on her apartment building's roof. When jolly Saint Nick comes down her chimney, she and the other children in their apartment building get swept up in a Christmas adventure. Filled with enchanting and bright illustrations of a diverse community, readers will see themselves in this modern twist on a perennial tale. Destined to become a forever favorite, this is a holiday story readers will treasure for years to come!"--Provided by publisher.
600 0 0 _aSanta Claus
_c(Fictitious character)
_vJuvenile poetry.
_96433463
600 1 0 _aMoore, Clement Clarke,
_d1779-1863
_vAdaptations.
_96554187
600 1 1 _aMoore, Clement Clarke,
_d1779-1863
_vAdaptations.
_96554187
600 0 1 _aSanta Claus
_vFiction.
_95715698
650 0 _aChristmas
_vJuvenile poetry.
_95742717
650 0 _aAfrican Americans
_vJuvenile fiction.
_95674047
650 1 _aChristmas
_vFiction.
_95675145
650 1 _aChristmas
_vPoetry.
_95732505
650 1 _aApartment houses
_vFiction.
_95674376
650 1 _aAfrican Americans
_vFiction.
_95677287
655 7 _aChristmas poetry.
_2lcgft.
_95737091
655 7 _aPicture books.
_2lcgft.
700 1 _aGoodman, Hayden,
_eillustrator.
_96554188
942 _2ddc
_cBOOK
999 _c412898
_d412898